<?xml version="1.0" encoding="UTF-8"?>
<record
    xmlns:xsi="http://www.w3.org/2001/XMLSchema-instance"
    xsi:schemaLocation="http://www.loc.gov/MARC21/slim http://www.loc.gov/standards/marcxml/schema/MARC21slim.xsd"
    xmlns="http://www.loc.gov/MARC21/slim">

  <leader>00980cam a22002531  4500</leader>
  <controlfield tag="001">e  15000299 </controlfield>
  <controlfield tag="003">DLC</controlfield>
  <controlfield tag="005">20260227111203.0</controlfield>
  <controlfield tag="008">840906s1913    ag           l000 0 spa c</controlfield>
  <datafield tag="010" ind1=" " ind2=" ">
    <subfield code="a">e  15000299 </subfield>
  </datafield>
  <datafield tag="035" ind1=" " ind2=" ">
    <subfield code="a">(OCoLC)11126724</subfield>
  </datafield>
  <datafield tag="040" ind1=" " ind2=" ">
    <subfield code="a">Library, U.S. Bur. of Education</subfield>
    <subfield code="c">DNIE</subfield>
    <subfield code="d">DLC</subfield>
  </datafield>
  <datafield tag="042" ind1=" " ind2=" ">
    <subfield code="a">premarc</subfield>
  </datafield>
  <datafield tag="043" ind1=" " ind2=" ">
    <subfield code="a">s-ag---</subfield>
  </datafield>
  <datafield tag="050" ind1="0" ind2="0">
    <subfield code="a">LB2038</subfield>
    <subfield code="b">.B78</subfield>
  </datafield>
  <datafield tag="110" ind1="1" ind2=" ">
    <subfield code="a">Buenos Aires (Argentina).</subfield>
    <subfield code="b">Instituto Nacional del Profesorado Secundario.</subfield>
  </datafield>
  <datafield tag="245" ind1="0" ind2="0">
    <subfield code="a">Reglamento org&#xE1;nico del Instituto nacional del profesorado secundario.</subfield>
    <subfield code="b">Decreto de fecha 11 de febrero de 1913.</subfield>
  </datafield>
  <datafield tag="260" ind1=" " ind2=" ">
    <subfield code="a">Buenos Aires,</subfield>
    <subfield code="b">Talleres gr&#xE1;ficos de la Penitenciar&#xED;a nacional,</subfield>
    <subfield code="c">1913.</subfield>
  </datafield>
  <datafield tag="300" ind1=" " ind2=" ">
    <subfield code="a">24 p.</subfield>
    <subfield code="c">21 cm.</subfield>
  </datafield>
  <datafield tag="500" ind1=" " ind2=" ">
    <subfield code="a">At head of title: Ministerio de justicia &#xE9; instrucci&#xF3;n p&#xFA;blica.</subfield>
  </datafield>
  <datafield tag="650" ind1=" " ind2="0">
    <subfield code="a">Educational law and legislation</subfield>
    <subfield code="z">Argentina.</subfield>
  </datafield>
  <datafield tag="710" ind1="1" ind2=" ">
    <subfield code="a">Argentina.</subfield>
    <subfield code="t">Laws, statutes, etc.</subfield>
  </datafield>
  <datafield tag="710" ind1="1" ind2=" ">
    <subfield code="a">Argentina.</subfield>
    <subfield code="b">Ministerio de Justicia e Instrucci&#xF3;n P&#xFA;blica.</subfield>
  </datafield>
  <datafield tag="999" ind1=" " ind2=" ">
    <subfield code="c">19778</subfield>
    <subfield code="d">19778</subfield>
  </datafield>
</record>
